[Event "GRE-chT2 48th"]
[Site "Thessaloniki"]
[Date "2021.10.08"]
[Round "5.7"]
[White "Sougakis, Anthimos"]
[Black "Koudounis, Vasileios"]
[Result "0-1"]
[WhiteElo "2087"]
[BlackElo "2010"]
[PlyCount "72"]
[EventDate "2021.10.05"]
[EventType "team-swiss"]
[EventRounds "7"]
[EventCountry "GRE"]
[SourceTitle "CBM 204 Extra"]
[Source "ChessBase"]
[SourceDate "2021.11.30"]
[SourceVersion "1"]
[SourceVersionDate "2021.11.30"]
[SourceQuality "1"]
[WhiteTeam "Giannitson"]
[BlackTeam "Serron PSSK"]
[WhiteTeamCountry "GRE"]
[BlackTeamCountry "GRE"]

1. e4 c5 2. c3 d5 3. exd5 Qxd5 4. d4 e6 5. Nf3 Nf6 6. Bd3 Be7 7. 0-0 0-0 8. Qe2 b6 9. c4 Qd7 10. dxc5 bxc5 11. Ne5 Qc7 12. Nc3 Nc6 13. Bf4 Nd4 14. Qe3 Bd6 15. Rfe1 Bb7 16. Qh3 g6 17. Bg3 Nh5 18. f4 f6 19. Bxg6 Nxg3 20. hxg3 Qg7 21. Bf7+ Rxf7 22. Nxf7 Qxf7 23. Nb5 Nxb5 24. cxb5 Bd5 25. a4 c4 26. Rad1 Bc5+ 27. Kh2 Kh8 28. g4 Rg8 29. Re2 Bd6 30. Rf2 Qg6 31. Qh4 Qg5 32. Kh3 Bxf4 33. g3 Be5 34. Re1 Rg6 35. Qxg5 fxg5 36. Rxe5 Rh6# 0-1

[Event "Thessaloniki Triandria op 8th"]
[Site "Thessaloniki"]
[Date "2015.04.18"]
[Round "5"]
[White "Sougakis, Anthimos"]
[Black "Lagopatis, Nikolaos"]
[Result "0-1"]
[WhiteElo "2096"]
[BlackElo "2194"]
[PlyCount "50"]
[EventDate "2015.04.14"]
[EventType "swiss"]
[EventRounds "7"]
[EventCountry "GRE"]
[SourceTitle "CBM 166 Extra"]
[Source "ChessBase"]
[SourceDate "2015.06.18"]
[SourceVersion "1"]
[SourceVersionDate "2015.06.18"]
[SourceQuality "1"]

1. e4 d6 2. Bc4 Nf6 3. Qe2 e5 4. c3 Be7 5. Nf3 0-0 6. d3 c6 7. Bb3 Nbd7 8. Nbd2 a5 9. Nf1 a4 10. Bc2 Re8 11. h3 d5 12. g4 dxe4 13. dxe4 b6 14. Bd2 Qc7 15. Ng3 Nc5 16. Nf5 Bf8 17. Nh2 Be6 18. g5 Nfxe4 19. Bxe4 Nxe4 20. Qxe4 Bd5 21. Qh4 Bxh1 22. Ng4 Qd7 23. Ng3 Bf3 24. Nh5 Qd3 25. Ng3 Rad8 0-1

[Event "Sykies-B 1st"]
[Site "Sykies"]
[Date "2014.03.02"]
[Round "4.2"]
[White "Sougakis, Anthimos"]
[Black "Ladopoulos, Dimitrios"]
[Result "0-1"]
[WhiteElo "2085"]
[BlackElo "2118"]
[PlyCount "74"]
[EventDate "2014.02.21"]
[EventType "swiss"]
[EventRounds "9"]
[EventCountry "GRE"]
[SourceTitle "EXT 2024"]
[Source "ChessBase"]
[SourceDate "2023.10.10"]
[SourceVersion "1"]
[SourceVersionDate "2023.10.10"]
[SourceQuality "1"]

1. Nf3 Nf6 2. g3 g6 3. Bg2 Bg7 4. 0-0 0-0 5. d4 d6 6. c4 Nbd7 7. Nc3 e5 8. e3 Re8 9. b3 c6 10. Bb2 e4 11. Ng5 d5 12. h4 Nf8 13. cxd5 cxd5 14. b4 Bg4 15. Qb3 Qd7 16. Kh2 h6 17. Nh3 Ne6 18. Qa4 Qd6 19. Nb5 Qb6 20. Rfc1 Bf8 21. a3 a5 22. Bf1 axb4 23. Qb3 bxa3 24. Bxa3 g5 25. hxg5 Bxh3 26. Bxh3 Nxg5 27. Bxf8 Rxa1 28. Rxa1 Rxf8 29. Bf5 Rd8 30. Qb4 h5 31. Ra7 Ng4+ 32. Kg1 Qf6 33. Bxg4 hxg4 34. Ra2 Kg7 35. Nc7 Rh8 36. f4 Nf3+ 37. Kf1 Qc6 0-1

[Event "Panellinio Protathlima op 1st"]
[Site "Greece"]
[Date "2007.06.23"]
[Round "4"]
[White "Sougakis, Anthimos"]
[Black "Gimnopoulos, Lazaros"]
[Result "1/2-1/2"]
[WhiteElo "2025"]
[BlackElo "2172"]
[PlyCount "24"]
[EventDate "2007.06.20"]
[EventType "swiss"]
[EventRounds "7"]
[EventCountry "GRE"]
[SourceTitle "EXT 2009"]
[Source "ChessBase"]
[SourceDate "2008.11.26"]
[SourceVersion "1"]
[SourceVersionDate "2008.11.26"]
[SourceQuality "1"]

1. e4 c5 2. c3 e6 3. d4 d5 4. exd5 exd5 5. Nf3 Nf6 6. Bd3 cxd4 7. Nxd4 Nc6 8. 0-0 Nxd4 9. cxd4 Be7 10. Nc3 0-0 11. Re1 Be6 12. Bf4 Bd6 1/2-1/2

[Event "Kavala op 12th"]
[Site "Kavala"]
[Date "2003.08.09"]
[Round "2"]
[White "Sougakis, Anthimos"]
[Black "Skembris, Spyridon"]
[Result "0-1"]
[WhiteElo "1986"]
[BlackElo "2443"]
[PlyCount "42"]
[EventDate "2003.08.08"]
[EventType "swiss"]
[EventRounds "9"]
[EventCountry "GRE"]
[SourceTitle "CBM 095 Extra"]
[Source "ChessBase"]
[SourceDate "2003.09.04"]
[SourceVersion "1"]
[SourceVersionDate "2003.09.04"]
[SourceQuality "1"]

1. e4 e5 2. Nf3 Nc6 3. Bb5 a6 4. Bxc6 dxc6 5. 0-0 f6 6. d4 exd4 7. e5 c5 8. exf6 Nxf6 9. Re1+ Be7 10. Qe2 Bg4 11. Bg5 Bxf3 12. Qxf3 0-0 13. Qxb7 h6 14. Bxf6 Bxf6 15. Nd2 Rb8 16. Qxa6 Rxb2 17. Qc4+ Kh8 18. Qxc5 d3 19. Ne4 Rxc2 20. Qa3 Bb2 21. Qb4 d2 0-1

[Event "Heraklion op 6th"]
[Site "Heraklion"]
[Date "2002.05.22"]
[Round "2"]
[White "Sougakis, Anthimos"]
[Black "Karagiannis, Athanasios"]
[Result "0-1"]
[WhiteElo "2005"]
[BlackElo "2414"]
[PlyCount "154"]
[EventDate "2002.06.10"]
[EventType "swiss"]
[EventRounds "9"]
[EventCountry "GRE"]
[SourceTitle "EXT 2004"]
[Source "ChessBase"]
[SourceDate "2003.11.25"]
[SourceVersion "1"]
[SourceVersionDate "2003.11.25"]
[SourceQuality "1"]

1. e4 c5 2. Nf3 a6 3. d4 cxd4 4. Nxd4 e5 5. Nb3 Nf6 6. Nc3 Bb4 7. Bg5 Qc7 8. Bxf6 Bxc3+ 9. bxc3 Qxc3+ 10. Qd2 Qxd2+ 11. Nxd2 gxf6 12. Nc4 Nc6 13. Nd6+ Ke7 14. Nf5+ Kf8 15. Bc4 d5 16. Bxd5 Bxf5 17. Bxc6 bxc6 18. exf5 Rb8 19. 0-0-0 Ke7 20. Rd3 Rhg8 21. g3 Rg5 22. Rhd1 Rb7 23. f3 Rxf5 24. h4 a5 25. R1d2 e4 26. Re2 Re5 27. Rxe4 Rxe4 28. fxe4 Rb4 29. Ra3 a4 30. Re3 Ke6 31. Rc3 Kd6 32. Rf3 Ke5 33. Rf5+ Ke6 34. Rc5 Kd6 35. Rf5 Ke7 36. e5 fxe5 37. Rxe5+ Kd7 38. Rg5 h6 39. Rg7 Ke6 40. Rh7 Rg4 41. Rxh6+ f6 42. Rh8 Rxg3 43. h5 Rh3 44. h6 Kf5 45. h7 a3 46. Kd2 Kg6 47. Rc8 Kxh7 48. Rxc6 Kg6 49. Ra6 Kg5 50. Ra8 f5 51. Rg8+ Kf4 52. Re8 Kg4 53. c4 Rh2+ 54. Re2 Rh8 55. Re3 Ra8 56. Ke2 Ra5 57. Rc3 Rc5 58. Rxa3 Rxc4 59. Ra8 Rc2+ 60. Kf1 f4 61. Ra4 Kg3 62. Ra8 Rb2 63. Ra7 Rb1+ 64. Ke2 f3+ 65. Ke3 Re1+ 66. Kd2 f2 67. Rg7+ Kh4 68. Rf7 f1Q 69. Rxf1 Rxf1 70. Kc3 Kg5 71. Kb4 Rb1+ 72. Ka5 Kf5 73. a4 Ke6 74. Ka6 Kd7 75. a5 Kc7 76. Ka7 Rb5 77. a6 Ra5 0-1

[Event "White Tower op 5th Balkan Cup"]
[Site "Thessaloniki"]
[Date "2001.12.28"]
[Round "7"]
[White "Sougakis, Anthimos"]
[Black "Trajkovic, Predrag"]
[Result "0-1"]
[WhiteElo "2005"]
[BlackElo "2341"]
[PlyCount "72"]
[EventDate "2001.12.21"]
[EventType "swiss"]
[EventRounds "9"]
[EventCountry "GRE"]
[SourceTitle "EXT 2003"]
[Source "ChessBase"]
[SourceDate "2002.11.25"]
[SourceVersion "1"]
[SourceVersionDate "2002.11.25"]
[SourceQuality "1"]

1. e4 c5 2. c3 Nf6 3. e5 Nd5 4. d4 cxd4 5. Nf3 e6 6. cxd4 b6 7. Nc3 Nxc3 8. bxc3 Qc7 9. Qb3 Bb7 10. Be2 Nc6 11. 0-0 Na5 12. Qa4 Qxc3 13. Bb5 Bc6 14. Bd2 Bxb5 15. Qxb5 Qc4 16. Qb2 Nc6 17. Rac1 Qd5 18. Bg5 h6 19. Be3 Be7 20. h4 0-0 21. h5 f5 22. Bf4 Rac8 23. Qd2 Kh7 24. Rfd1 Na5 25. Qd3 Nc4 26. Ne1 Rg8 27. Qg3 g5 28. hxg6+ Rxg6 29. Qh3 Rcg8 30. Kh2 b5 31. a4 bxa4 32. g3 Nb6 33. Ng2 Qf3 34. Kg1 Nd5 35. Bd2 f4 36. Nh4 Rxg3+ 0-1